Les 100 meilleurs films selon le New York Times - Statistiques

Statistiques générales
  • Ce quiz a été pris 164 fois
  • Le résultat moyen est 13 sur 100
Statistiques - réponses
Réalisé par ..., sorti en ... Film à trouver % Correct
Bong Joon-Ho, 2019 Parasite
78%
Christopher Nolan, 2010 Inception
64%
Christopher Nolan, 2014 Interstellar
53%
Christopher Nolan, 2023 Oppenheimer
42%
David Lynch, 2001 Mulholland Drive
38%
Hayao Miyazaki, 2001 Le voyage de Chihiro
31%
Quentin Tarantino, 2019 Once upon a time... in Hollywood
31%
Quentin Tarantino, 2009 Inglorious Basterds
28%
Christopher Nolan, 2000 Memento
28%
Wes Anderson, 2014 The Grand Budapest Hotel
28%
Joel et Ethan Coen, 2007 No country for old men
27%
Martin Scorsese, 2013 Le loup de Wall Street
25%
Paul Thomas Anderson, 2007 There will be blood
25%
Damien Chazelle, 2014 Whiplash
25%
Jordan Peele, 2017 Get out
23%
Ridley Scott, 2000 Gladiator
23%
Justine Triet, 2023 Anatomie d'une chute
22%
Guillermo del Toro, 2006 Le labyrinthe de Pan
21%
Martin Scorsese, 2006 Les infiltrés
21%
Bong Joon-Ho, 2003 Memories of murder
21%
Park Chan-Wook, 2003 Old boy
20%
Wong Kar-Wai, 2000 In the mood for love
19%
Jean-Pierre Jeunet, 2001 Le fabuleux destin d'Amélie Poulain
16%
Peter Jackson, 2001 Le seigneur des anneaux - La communauté de l'anneau
16%
Sofia Coppola, 2003 Lost in translation
16%
Denis Villeneuve, 2016 Premier contact
16%
Alfonso Cuaron, 2013 Gravity
15%
David Fincher, 2010 The social network
15%
Jacques Audiard, 2009 Un prophète
15%
Darren Aronofsky, 2010 Black swan
14%
Michel Gondry, 2004 Eternal sunshine of the spotless mind
14%
David Fincher, 2014 Gone girl
14%
Quentin Tarantino, 2003 Kill Bill : Volume 1
14%
George Miller, 2015 Mad Max - Fury Road
14%
Barry Jenkins, 2016 Moonlight
14%
Luca Guadagnino, 2018 Call me by your name
13%
Spike Jonze, 2013 Her
13%
Terrence Malick, 2011 The tree of life
13%
David Fincher, 2007 Zodiac
13%
Joel et Ethan Coen, 2000 O'Brother
12%
Jonathan Glazer, 2023 La zone d'intérêt
11%
Christopher Nolan, 2008 The dark knight - Le chevalier noir
11%
Michael Haneke, 2012 Amour
10%
Richard Linklater, 2014 Boyhood
10%
Ang Lee, 2005 Le secret de Brokeback Mountain
10%
Alfonso Cuaron, 2006 Les fils de l'homme
10%
Paul Thomas Anderson, 2017 Phantom Thread
10%
Paul Thomas Anderson, 2012 The master
10%
Ryan Coogler, 2018 Black Panther
9%
Greta Gerwig, 2017 Lady Bird
9%
Ang Lee, 2000 Tigre et dragon
9%
Lars von Trier, 2011 Melancholia
8%
Richard Linklater, 2004 Before sunset
7%
Kathryn Bigelow, 2008 Démineurs
7%
Daniel Kwan et Daniel Scheinhert, 2022 Everything, everywhere, all at once
7%
Fernando Meireilles et Katia Lund, 2002 La cité de Dieu
7%
Wes Anderson, 2001 La famille Tenenbaum
7%
Yorgos Lanthimos, 2018 La favorite
7%
Pedro Almodovar, 2006 Volver
7%
Noah Baumbach, 2012 Frances Ha
6%
Pete Docter et Bob Peterson, 2009 Là-haut
6%
Steven Spielberg, 2002 Minority report
6%
Céline Sciamma, 2019 Portrait de la jeune fille en feu
6%
Alfonso Cuaron, 2000 Roma
6%
Jonathan Glazer, 2013 Under the skin
6%
Edward Yang, 2000 Yi Yi
6%
Sean Baker, 2017 The Florida Project
5%
Andrew Stanton, 2008 Wall-e
5%
Steve McQueen, 2013 12 years a slave
4%
Joel et Ethan Coen, 2009 A serious man
4%
Todd Haynes, 2015 Carol
4%
Warner Herzog, 2005 Grizzly man
4%
Joachim Trier, 2021 Julie (en 12 chapitres)
4%
Agnès Varda, 2000 Les glaneurs et la glaneuse
4%
Steven Soderbergh, 2001 Ocean's eleven
4%
Tom McCarthy, 2015 Spotlight
4%
Todd Field, 2022 Tar
4%
Josh et Benny Safdie, 2019 Uncut gems
4%
Asghar Farhadi, 2011 Une séparation
4%
Spike Jonze, 2002 Adaptation
3%
Charlotte Wells, 2022 Aftersun
3%
Andrea Arnold, 2009 Fish tank
3%
Florian Heckel von Donnersmarck, 2006 La vie des autres
3%
Jonathan Dayton et Valerie Faris, 2006 Little miss sunshine
3%
Brad Bird et Jan Pinkava, 2007 Ratatouille
3%
Maren Ade, 2016 Toni Erdmann
3%
Christopher Guest, 2000 Bêtes de scène
2%
Larry Charles, 2006 Borat
2%
Joel et Ethan Coen, 2013 Inside LLewyn Davis
2%
Bennett Miller, 2011 Le stratège
2%
Paul Feig, 2011 Mes meilleures amies
2%
Tony Gilroy, 2007 Michael Clayton
2%
Tomas Alfredson, 2008 Morse
2%
Celine Song, 2023 Past lives - Nos vies d'avant
2%
Cameron Crowe, 2009 Presque célèbre
2%
Greg Mottola, 2007 Supergrave
2%
Joshua Oppenheimer, Anonymous et Christine Cynn, 2013 The act of killing
2%
Adam McKay, 2004 La légende de Ron Burgundy
1%
PTA, 2002 Punch-drunk love - Ivres d'amour
1%
Alfonso Cuaron, 2001 Y tu mama también (Et... ta mère aussi !)
1%
Aucun quiz correspondant
Distribution des résultats
% des personnes avec chaque résultat
Percentile par nombre de réponses
Votre historique - résultats
Vous n’avez pas pris ce quiz